Super Mario World 2: Yoshi’s Island Yoshi Colors - Statistics

General Stats
  • This quiz has been taken 67 times
  • The average score is 7 of 8
Answer Stats
Yoshi Color % Correct
Blue
100%
Green
98%
Red
98%
Yellow
98%
Purple
96%
Pink
91%
Brown
85%
Cyan
51%
No matching quizzes found
Score Distribution
Percent of People with Each Score
Percentile by Number Answered
Your Score History
You have not taken this quiz